ARRUPE JESUIT UNIVERSITY

CORONAVIRUS -STOP THE SPREAD - CLEAN,DISINFECT,COVER
Normal view MARC view

Entry Geographic Name

Number of records used in: 2

001 - CONTROL NUMBER

  • control field: 33202

003 - CONTROL NUMBER IDENTIFIER

  • control field: ARRUPE

005 - DATE AND TIME OF LATEST TRANSACTION

  • control field: 20170718124821.0

008 - FIXED-LENGTH DATA ELEMENTS

  • fixed length control field: 170718|| aca||aabn | a|a d

040 ## - CATALOGING SOURCE

  • Original cataloging agency: ARRUPE
  • Transcribing agency: ARRUPE

151 ## - HEADING--GEOGRAPHIC NAME

  • Geographic name: Europe
  • General subdivision: Civilization
  • Chronological subdivision: 18th century.

670 ## - SOURCE DATA FOUND

  • Source citation: Work cat.: (ARRUPE)97766: Jacob, Margaret C., 1943- 17891, The Enlightenment :, c2001.

 

Arrupe Library. PO Box MP320 Mt Pleasant, Harare, Zimbabwe
263 242 745411|librarian@aju.ac.zw